Countries that drive on the left - Statistics

General Stats
  • This quiz has been taken 84 times
  • The average score is 41 of 54
Answer Stats
Hint Answer % Correct
Europe United Kingdom
98%
Oceania Australia
97%
Asia India
93%
Oceania New Zealand
93%
Africa South Africa
91%
Europe Ireland
90%
Asia Pakistan
88%
Asia Japan
86%
Asia Malaysia
84%
Asia Bangladesh
83%
Asia Singapore
83%
Asia Indonesia
81%
Africa Kenya
81%
Oceania Fiji
79%
South America Guyana
79%
Oceania Tuvalu
79%
Europe Cyprus
78%
Africa Eswatini
78%
Africa Lesotho
78%
North America Saint Kitts and Nevis
78%
Oceania Samoa
78%
North America Barbados
76%
North America Saint Vincent and the Grenadines
76%
Africa Tanzania
76%
Asia Thailand
76%
Oceania Tonga
76%
North America Trinidad and Tobago
76%
Africa Botswana
74%
North America Grenada
74%
Europe Malta
74%
South America Suriname
74%
North America The Bahamas
74%
Africa Zambia
74%
North America Jamaica
72%
Oceania Nauru
72%
Asia Nepal
72%
Oceania Solomon Islands
72%
Africa Zimbabwe
72%
North America Antigua and Barbuda
71%
North America Dominica
71%
Africa Namibia
71%
Asia Bhutan
69%
Oceania Kiribati
69%
Oceania Papua New Guinea
69%
North America Saint Lucia
69%
Asia Sri Lanka
67%
Asia Brunei
66%
Asia Maldives
66%
Africa Uganda
64%
Africa Seychelles
62%
Africa Mauritius
59%
Africa Mozambique
59%
Asia East Timor
57%
Africa Malawi
55%
No matching quizzes found
Score Distribution
Percent of People with Each Score
Percentile by Number Answered
Your Score History
You have not taken this quiz